000 02097cam a22005414i 4500
003 PE-LiUPU
005 20250731172931.0
008 170620s2012 maua rb 001 0 eng d
020 _a9004221115
020 _a9789004221116
035 _a(Sirsi) a204427
040 _aPE-LiUPU
_bspa
_cPE-LiUPU
_erda
049 _aPRUA
082 0 4 _a201.66128
_bR3
_223
245 0 0 _aReligion and the body :
_bmodern science and the constitution of religious meaning /
_cedited by David Cave, Rebecca Sachs Norris.
264 1 _aLeiden :
_bBrill,
_c2012.
300 _aviii, 277 páginas :
_bilustraciones ;
_c25 centimetros.
336 _atext
_2rdacontent
337 _aunmediated
_2rdamedia
338 _avolume
_2rdacarrier
490 0 _aNumen book series : studies in the history of religions ;
_vvol. 138
504 _aBibliografía : páginas 257-272.
504 _aÍndices: páginas 273-277.
505 0 _aNeurobiology and sources of religious experience and authority -- Culture and the de- and re-construction of the body -- (Cross) cultural apropriations of the body.
526 _aSEG42
526 _aSEG41
526 _aSEG40
526 _aSEG39
526 _aP94
526 _aP87
526 _aP86
526 _aP85
526 _aP77
526 _aP76
526 _aP35
650 6 _aNeurobiología.
650 6 _aNeurociencia
_xAspecto religioso.
650 6 _aLa religión y la ciencia.
700 1 _aCave, David,
_eeditor.
700 1 _aNorris, Rebecca Sachs,
_eeditor.
910 _ajck
_bjvq
_cjpc
_d20170620
942 _2ddc
_cBOOK
949 _a201.66128 R3
_wDEWEY
_c1
_i76238
_lCATALOGING
_mBUL
_p132.00
_r0
_sY
_tBOOK
_u2017-06-20
_xTEOLOGÍA
_zTEOLOGÍA
_0COMPRA
_o.CIRCNOTE. El documento es de alto precio.
_o.STAFF. Colección Teología
994 _aC0
_bPEPRU
596 _a1
999 _a201.66128 R3
_wDEWEY
_c20781
_i76238
_f2021-11-9
_g4
_lCCODEBUL1
_mBUL
_p132.00
_r0
_sY
_tBOOK
_u2017-6-20
_xTEOLOGIA
_PP35
_0COMPRA
_o.STAFF. Colección Teología
_d20781
980 _81
_gALBERTO SANCHEZ Responsable de Automatización